[Event "Prague-G"]
[Site "Prague"]
[Date "2019.03.10"]
[Round "2.4"]
[White "Holub, Adam"]
[Black "Horackova, Isabela"]
[Result "1-0"]
[WhiteElo "1432"]
[BlackElo "1150"]
[PlyCount "83"]
[EventDate "2019.03.09"]
[EventType "tourn"]
[EventRounds "9"]
[EventCountry "CZE"]
[SourceTitle "CBM 189 Extra"]
[Source "ChessBase"]
[SourceDate "2019.06.03"]
[SourceVersion "1"]
[SourceVersionDate "2019.06.03"]
[SourceQuality "1"]

1. c4 e5 2. Nc3 Be7 3. Nf3 Nc6 4. d3 Nf6 5. g3 0-0 6. Bg2 d6 7. 0-0 a5 8. a4 b6 9. Nxe5 dxe5 10. Bxc6 Rb8 11. Bg5 Qd6 12. Bg2 c6 13. Qc2 Bd7 14. Rad1 Qe6 15. b3 Bc5 16. Bxf6 Qxf6 17. Ne4 Qe7 18. Nxc5 Qxc5 19. Rc1 Rfe8 20. Rfd1 Rbd8 21. Qc3 Bf5 22. Kf1 Re6 23. Rb1 Rf6 24. Kg1 h6 25. b4 axb4 26. Qxb4 Qd4 27. Qxb6 c5 28. Qb2 Qd6 29. a5 Qe7 30. Ra1 Bc8 31. Qb5 Ba6 32. Qb2 Rf5 33. Rdb1 Qd6 34. Qb6 Qd4 35. Qxa6 Qxf2+ 36. Kh1 Qxe2 37. Qc6 Rxd3 38. Qc8+ Kh7 39. Qxf5+ g6 40. Qxf7+ Kh8 41. Rb8+ Rd8 42. Rxd8# 1-0